000 01421nam0a2200325 4500
001 RU\NLR\bibl\12098
005 20260406205046.0
010 _a5-89209-222-4
_9300
021 _aRU
_b98-25166
_91197
035 _a(NLR Aleph) 000011791
090 _a42699
_c42699
100 _a19981201d1998 |||y0rusy50 ca
101 0 _arus
102 _aRU
105 _a|||||||||||||
200 1 _aСовременная Япония : некоторые вопросы внешней и внутренней политики
_fИн-т Дал. Востока РАН. Центр исслед. Японии
_g[Отв. ред. В.Н. Павлятенко, И.А. Цветова]
210 _aМ.
_cДиалог-МГУ
_d1998
215 _a263 с.
_d20
320 _aБиблиогр. в примеч. в конце ст.
607 _aЯпония
_xВнешняя политика
_z1990-ые гг.
_92081390
_3RU\NLR\auth\661257368
607 _aЯпония
_xИстория
_z1990-ые гг.
_92079624
_3RU\NLR\auth\661255515
686 _aТ3(5Я)63я43
702 1 _aПавлятенко
_bВ. Н.
_4340
712 0 2 _4570
_aИнститут Дальнего Востока
_cМосква
_bЦентр исследований Японии
_3RU\NLR\AUTH\889965601
_9427461
801 0 _aRU
_bRKP
_c19981201
_gPSBO
801 1 _aRU
_bRKP
_c19981201
801 2 _aRU
_bNLR
_c20050826
_grcr
852 _aNLR
_j98-3/8759
942 _cBOOK
980 _aNB